[Event "Baku Open 2013"]
[Site "Baku AZE"]
[Date "2013.09.21"]
[Round "3.3"]
[White "Iordachescu, Viorel"]
[Black "Jumabayev, Rinat"]
[Result "1/2-1/2"]
[WhiteTitle "GM"]
[BlackTitle "GM"]
[WhiteElo "2609"]
[BlackElo "2562"]
[WhiteFideId "13900200"]
[BlackFideId "13702661"]
[EventDate "2013.09.19"]

1. e4 c5 2. Nf3 e6 3. g3 d5 4. exd5 exd5 5. d4 Nc6 6. Bg2 Nf6 7. O-O Be7 8. Nc3
O-O 9. Bg5 cxd4 10. Nxd4 h6 11. Bxf6 Bxf6 12. Nde2 d4 13. Nd5 Be5 14. Qd2 Be6
15. Nef4 Qd6 16. a3 Rad8 17. Nxe6 Qxe6 18. Nb4 Nxb4 19. axb4 Qb6 20. Be4 Bd6 21.
Ra4 Rfe8 22. Bd3 a6 23. Rd1 Bf8 24. Bf1 g6 25. b5 axb5 26. Rxd4 Rxd4 27. Qxd4
Qxd4 28. Rxd4 b4 29. Bc4 Bc5 30. Rd5 b6 31. b3 Kg7 32. Kg2 Re7 33. Kf3 Re6 34.
Rd2 Rf6+ 35. Kg2 Rd6 36. Re2 Rd7 37. h4 h5 38. f3 Rd1 39. Bd3 Rg1+ 40. Kh2 Rf1
41. Kg2 Rg1+ 42. Kh2 Rf1 43. Kg2 1/2-1/2

[Event "Baku Open 2013"]
[Site "Baku AZE"]
[Date "2013.09.21"]
[Round "3.5"]
[White "Shanava, Konstantine"]
[Black "Dreev, Aleksey"]
[Result "1/2-1/2"]
[WhiteTitle "GM"]
[BlackTitle "GM"]
[WhiteElo "2567"]
[BlackElo "2668"]
[WhiteFideId "13601784"]
[BlackFideId "4100107"]
[EventDate "2013.09.19"]

1. e4 c6 2. d4 d5 3. exd5 cxd5 4. c4 Nf6 5. Nc3 Nc6 6. Nf3 Be6 7. Bg5 Ne4 8.
Nxe4 dxe4 9. d5 exf3 10. dxe6 Qa5+ 11. Qd2 Qe5+ 12. Qe3 Qa5+ 13. Qd2 Qe5+ 14.
Qe3 Qa5+ 1/2-1/2

[Event "Baku Open 2013"]
[Site "Baku AZE"]
[Date "2013.09.21"]
[Round "3.8"]
[White "Shimanov, Aleksandr"]
[Black "Ghaem Maghami, Ehsan"]
[Result "1/2-1/2"]
[WhiteTitle "GM"]
[BlackTitle "GM"]
[WhiteElo "2655"]
[BlackElo "2549"]
[WhiteFideId "4198603"]
[BlackFideId "12500739"]
[EventDate "2013.09.19"]

1. Nf3 c5 2. c4 Nc6 3. d4 cxd4 4. Nxd4 Nf6 5. g3 d6 6. Bg2 Bd7 7. Nc3 g6 8. c5
dxc5 9. Nxc6 Bxc6 10. Bxc6+ bxc6 11. Qa4 Qb6 12. O-O Bg7 13. Qc2 Nd5 14. Ne4 O-O
15. a3 c4 16. Qxc4 1/2-1/2

[Event "Baku Open 2013"]
[Site "Baku AZE"]
[Date "2013.09.21"]
[Round "3.9"]
[White "Artemiev, Vladislav"]
[Black "Mamedov, Rauf"]
[Result "1/2-1/2"]
[WhiteTitle "IM"]
[BlackTitle "GM"]
[WhiteElo "2560"]
[BlackElo "2641"]
[WhiteFideId "24101605"]
[BlackFideId "13401653"]
[EventDate "2013.09.19"]

1. b3 d5 2. Bb2 Nf6 3. e3 Nbd7 4. Nf3 g6 5. c4 dxc4 6. bxc4 Bg7 7. Be2 O-O 8.
O-O c5 9. d3 b6 10. Nbd2 Bb7 11. Qc2 Qc7 12. Rfd1 Rfe8 13. Bc3 e5 14. Qb2 Bc6
15. a4 Rab8 16. Ra3 h6 17. Qa1 Nh7 18. a5 Nhf8 19. h4 Ne6 20. axb6 axb6 21. h5
g5 22. Ra7 Rb7 23. Rxb7 Bxb7 24. Ne4 f5 25. Ng3 Rf8 26. Nd2 g4 27. e4 Nf4 28.
Bf1 fxe4 29. Ndxe4 Bc6 30. Re1 Qd8 31. Re3 Qh4 32. Qa7 Ne6 33. Qa1 Nd4 34. Qd1
Nf6 35. Nxf6+ Qxf6 36. Qd2 Qf4 37. Ne4 Qf5 38. Ng3 Qg5 39. Re1 Qxd2 1/2-1/2

[Event "Baku Open 2013"]
[Site "Baku AZE"]
[Date "2013.09.21"]
[Round "3.10"]
[White "Smirnov, Pavel"]
[Black "Rogozenco, Dorian"]
[Result "1-0"]
[WhiteTitle "GM"]
[BlackTitle "GM"]
[WhiteElo "2627"]
[BlackElo "2515"]
[WhiteFideId "4123425"]
[BlackFideId "1210319"]
[EventDate "2013.09.19"]

1. d4 d5 2. c4 c6 3. cxd5 cxd5 4. Bf4 Nc6 5. e3 Nf6 6. Nc3 a6 7. Be2 e6 8. Nf3
Bd6 9. Ne5 Bxe5 10. Bxe5 Nxe5 11. dxe5 Ne4 12. Nxe4 dxe4 13. Qxd8+ Kxd8 14.
O-O-O+ Ke7 15. Rd4 Bd7 16. Rxe4 Rac8+ 17. Kd2 Bc6 18. Rd4 Bxg2 19. Rg1 Bd5 20.
Rxg7 Rcg8 21. Rxg8 Rxg8 22. Bc4 Bxc4 23. Rxc4 Rg2 24. Rc7+ Kf8 25. Ke2 Rxh2 26.
Rxb7 Rh1 27. a4 a5 28. Rb5 h5 29. Rxa5 h4 30. Rb5 h3 31. Rb4 Rb1 32. Rh4 Rxb2+
33. Kf3 Ra2 34. Rf4 Rc2 35. Kg3 Rc5 36. Kxh3 Rxe5 37. Rb4 Rc5 38. Rb2 f5 39. Ra2
Ra5 40. Kh4 Ke7 41. Kg5 Kf7 42. f4 Ke7 43. Kg6 Kd6 44. Kf6 Kd5 45. Ra3 Ra6 46.
a5 Ke4 47. Kg5 Kf3 48. Kg6 Ke4 49. Kf6 e5+ 50. Kg5 Ra8 51. a6 exf4 52. exf4 Rg8+
53. Kf6 Kxf4 54. Ra4+ Ke3 55. Kxf5 Kd3 56. a7 Ra8 57. Ke6 Kc3 58. Kd6 Kb3 59.
Ra6 1-0

[Event "Baku Open 2013"]
[Site "Baku AZE"]
[Date "2013.09.21"]
[Round "3.11"]
[White "Omar, Noaman"]
[Black "Korneev, Oleg"]
[Result "0-1"]
[WhiteTitle "IM"]
[BlackTitle "GM"]
[WhiteElo "2362"]
[BlackElo "2621"]
[WhiteFideId "9300244"]
[BlackFideId "4156803"]
[EventDate "2013.09.19"]

1. d4 Nf6 2. c4 e6 3. Nf3 d5 4. Nc3 Be7 5. Bg5 h6 6. Bh4 O-O 7. e3 Ne4 8. Bxe7
Qxe7 9. Rc1 c6 10. h4 Nd7 11. g4 Nxc3 12. bxc3 g6 13. Ne5 Nxe5 14. dxe5 dxc4 15.
f4 b5 16. Qf3 Bb7 17. Bg2 Rab8 18. h5 c5 19. Qg3 g5 20. O-O Rbd8 21. fxg5 Bxg2
22. Qxg2 Qxg5 23. Qe4 Rd5 0-1

[Event "Baku Open 2013"]
[Site "Baku AZE"]
[Date "2013.09.21"]
[Round "3.12"]
[White "Abasov, Nijat"]
[Black "Solak, Dragan"]
[Result "1/2-1/2"]
[WhiteTitle "GM"]
[BlackTitle "GM"]
[WhiteElo "2492"]
[BlackElo "2615"]
[WhiteFideId "13402960"]
[BlackFideId "916811"]
[EventDate "2013.09.19"]

1. d4 g6 2. e4 Bg7 3. Nf3 d6 4. Bc4 Nf6 5. Qe2 O-O 6. O-O Bg4 7. h3 Bxf3 8. Qxf3
Nc6 9. c3 e5 10. Be3 Nd7 11. Rd1 Kh8 12. Qg3 Qe7 13. dxe5 Bxe5 14. Qg5 Bf6 15.
Qf4 Be5 16. Qg5 Bf6 17. Qf4 Be5 1/2-1/2

[Event "Baku Open 2013"]
[Site "Baku AZE"]
[Date "2013.09.21"]
[Round "3.15"]
[White "Azarov, Sergei"]
[Black "Ahmadinia, Ebrahim"]
[Result "1/2-1/2"]
[WhiteTitle "GM"]
[BlackTitle "IM"]
[WhiteElo "2636"]
[BlackElo "2381"]
[WhiteFideId "13501470"]
[BlackFideId "12501891"]
[EventDate "2013.09.19"]

1. e4 g6 2. d4 d6 3. Nf3 Nf6 4. Nc3 Bg7 5. Be3 c6 6. Qd2 Nbd7 7. Bh6 O-O 8. Bxg7
Kxg7 9. Be2 e5 10. O-O-O Qe7 11. h4 h5 12. Ng5 b5 13. f4 b4 14. Nb1 exf4 15.
Qxf4 c5 16. Rhf1 Bb7 17. Bb5 Rac8 18. e5 dxe5 19. dxe5 Nxe5 20. Rfe1 Nfg4 21.
Nf3 Bxf3 22. gxf3 Qc7 23. Qe4 Nf2 24. Qxe5+ Qxe5 25. Rxe5 Nxd1 26. Kxd1 Rfd8+
27. Nd2 Rd4 28. Re4 Rcd8 29. Bd3 f5 30. Re7+ Kf6 31. Rc7 Rxh4 32. Ke1 Rh1+ 33.
Nf1 h4 34. Kf2 h3 35. Rh7 f4 36. b3 Rd5 37. Rh4 g5 38. Rh5 c4 39. bxc4 Ra5 40.
Rh6+ Ke7 41. c5 Rxa2 42. Rh7+ Kf6 43. Rh6+ Ke7 44. Rh7+ Kf6 45. Rh6+ Ke5 46. c6
Ra3 47. Rg6 Rc3 48. Rxg5+ Kd6 49. Rg6+ Ke5 50. Rg5+ Kd6 51. Rg6+ Kc7 52. Be4 a5
53. Rg7+ Kd6 54. Rg6+ Ke7 55. Rg7+ Kd6 56. Rg6+ Ke7 57. Rg7+ Kf6 58. Ra7 a4 59.
Rxa4 h2 60. Nxh2 Rxh2+ 61. Kg1 Rd2 62. Rxb4 Ra3 63. Rb1 Ke7 64. c4 Ra8 65. Bd5
Kd6 66. Re1 Ra7 67. Kf1 Rh7 68. Kg1 Rdh2 69. Rf1 Re2 70. Rf2 Re1+ 71. Rf1 Ree7
72. Rf2 Kc5 73. Rh2 Rhg7+ 74. Rg2 Rh7 75. Rh2 Re1+ 76. Kf2 Rhe7 77. Be4 Ra1 78.
Rh4 Ra2+ 79. Kg1 Rg7+ 80. Rg4 Rxg4+ 81. fxg4 Kd6 82. Bd5 Rb2 83. g5 Re2 84. g6
Re3 85. Kf2 Rg3 86. c5+ Kc7 87. g7 Rxg7 88. Kf3 Rg5 89. Be4 1/2-1/2

[Event "Baku Open 2013"]
[Site "Baku AZE"]
[Date "2013.09.21"]
[Round "3.16"]
[White "Mammadova, Gulnar"]
[Black "Mchedlishvili, Mikheil"]
[Result "0-1"]
[WhiteTitle "WGM"]
[BlackTitle "GM"]
[WhiteElo "2349"]
[BlackElo "2633"]
[WhiteFideId "13403508"]
[BlackFideId "13600966"]
[EventDate "2013.09.19"]

1. e4 c5 2. Nf3 e6 3. b3 a6 4. Bb2 Nc6 5. c4 Qc7 6. g3 d6 7. Bg2 Nf6 8. Qe2 Be7
9. O-O O-O 10. d4 cxd4 11. Nxd4 Nd7 12. Rd1 Rb8 13. Nc3 Nxd4 14. Rxd4 b6 15.
Rad1 Bb7 16. Ba3 Nc5 17. b4 Nd7 18. b5 Nc5 19. bxa6 Bxa6 20. Nb5 Bxb5 21. cxb5
Ra8 22. Bb4 Rfd8 23. Qc2 Qa7 24. a3 Rac8 25. Rc4 Bf6 26. h3 Rd7 27. a4 Rcd8 28.
a5 bxa5 29. Bxc5 dxc5 30. Rxd7 Rxd7 31. Rxc5 g6 32. e5 Bd8 33. Rc4 Kg7 34. Bc6
Rd4 35. Kg2 Rxc4 36. Qxc4 Bb6 37. Qa2 a4 38. Qa3 Bxf2 39. b6 Qxb6 40. Qxa4 Bd4
41. Qb5 Qc7 42. Be4 Bxe5 43. Qd3 Qc5 44. h4 Bd4 45. Qc2 Qd6 46. Qd3 f5 47. Ba8
e5 48. Qc4 e4 49. Qd5 Qb6 50. Qb7+ Qxb7 51. Bxb7 Kf6 52. g4 Ke5 53. gxf5 gxf5
54. Bc8 f4 55. Bg4 Bb6 56. h5 h6 57. Be2 Kd4 58. Kf2 Kc3+ 59. Ke1 f3 60. Ba6 Bd8
61. Kd1 e3 62. Bf1 Kd4 63. Bb5 Ba5 0-1

[Event "Baku Open 2013"]
[Site "Baku AZE"]
[Date "2013.09.21"]
[Round "3.17"]
[White "Pourkashiyan, Atousa"]
[Black "Guseinov, Gadir"]
[Result "0-1"]
[WhiteTitle "WGM"]
[BlackTitle "GM"]
[WhiteElo "2303"]
[BlackElo "2616"]
[WhiteFideId "12502014"]
[BlackFideId "13401378"]
[EventDate "2013.09.19"]

1. e4 c5 2. Nf3 d6 3. d4 cxd4 4. Nxd4 Nf6 5. Nc3 g6 6. Bc4 Bg7 7. O-O O-O 8. Re1
Nc6 9. h3 Bd7 10. Bb3 Rc8 11. Bg5 Na5 12. Nd5 Nxd5 13. exd5 Re8 14. Qd3 Qb6 15.
c3 Bxd4 16. Qxd4 Qxd4 17. cxd4 f6 18. Bd2 Nxb3 19. axb3 Rc2 20. Bc3 a6 21. Re3
Kf7 22. Rae1 b6 23. b4 Bb5 24. g4 Bc4 25. Kg2 Bxd5+ 26. Kg3 e6 27. R3e2 Rxe2 28.
Rxe2 g5 29. Re1 Rc8 30. Ra1 Bb7 31. h4 h6 32. hxg5 hxg5 33. f4 gxf4+ 34. Kxf4
e5+ 35. dxe5 fxe5+ 36. Kg3 Ke6 37. Re1 Rf8 38. Re3 Rf1 39. Kh4 Kf6 40. Re2 Rh1+
41. Kg3 Rg1+ 42. Kh4 Bc8 43. Re4 Kg6 44. Kh3 b5 45. Be1 Be6 46. Bc3 Rxg4 47.
Rxg4+ Kh5 48. Kg3 Bxg4 49. Kf2 Kg5 50. Ke3 Kf5 51. Be1 d5 52. Bf2 d4+ 53. Kd3
Ke6 54. Bxd4 exd4 55. Kxd4 Kd6 56. Ke4 Bh5 57. Kd4 Bg6 0-1

[Event "Baku Open 2013"]
[Site "Baku AZE"]
[Date "2013.09.21"]
[Round "3.18"]
[White "Pantsulaia, Levan"]
[Black "Babayev, Talib"]
[Result "1-0"]
[WhiteTitle "GM"]
[BlackTitle "IM"]
[WhiteElo "2596"]
[BlackElo "2397"]
[WhiteFideId "13602071"]
[BlackFideId "13401432"]
[EventDate "2013.09.19"]

1. Nf3 Nf6 2. g3 g6 3. Bg2 Bg7 4. c4 d6 5. Nc3 O-O 6. d4 Nc6 7. O-O a6 8. Bf4
Nh5 9. Bg5 h6 10. Be3 f5 11. Qd2 g5 12. d5 Na5 13. b3 c5 14. dxc6 Nxc6 15. Nd5
Bxa1 16. Rxa1 e6 17. Bb6 Qd7 18. Nc7 Rb8 19. Rd1 Qe7 20. Nd4 Nxd4 21. Qxd4 Rd8
22. c5 d5 23. Qe5 Kf7 24. Nxd5 exd5 25. Qxb8 Qxe2 26. Rf1 Re8 27. Bxd5+ Kg6 28.
c6 f4 29. Qd6+ Nf6 30. cxb7 Bh3 31. Bc4 Qf3 32. Qd3+ Qxd3 33. Bxd3+ Kf7 34. Rc1
Nd7 35. Bc7 f3 36. Bxa6 1-0

[Event "Baku Open 2013"]
[Site "Baku AZE"]
[Date "2013.09.21"]
[Round "3.22"]
[White "Umudova, Nargiz"]
[Black "Maghalashvili, Davit"]
[Result "0-1"]
[WhiteTitle "WIM"]
[BlackTitle "IM"]
[WhiteElo "2256"]
[BlackElo "2502"]
[WhiteFideId "13402137"]
[BlackFideId "13602276"]
[EventDate "2013.09.19"]

1. e4 c5 2. Nf3 d6 3. d4 cxd4 4. Nxd4 Nf6 5. Nc3 a6 6. Qf3 Qb6 7. Nb3 e6 8. g4
Nc6 9. g5 Nd7 10. Be3 Qc7 11. Qh3 b5 12. g6 Nf6 13. gxf7+ Qxf7 14. O-O-O e5 15.
Qg2 Be7 16. Be2 O-O 17. h4 Be6 18. h5 Nb4 19. h6 g6 20. Kb1 Rfc8 21. Rd2 a5 22.
Nc1 d5 23. exd5 Nfxd5 24. Bf3 Rxc3 25. bxc3 Nxc3+ 26. Ka1 e4 27. Bxe4 Nxe4 28.
Qxe4 Bf6+ 29. Bd4 Bd5 30. Qf4 Bxd4+ 31. Qxd4 Bxh1 0-1

[Event "Baku Open 2013"]
[Site "Baku AZE"]
[Date "2013.09.21"]
[Round "3.23"]
[White "Aliakbarov, Anar"]
[Black "Kuderinov, Kirill"]
[Result "1/2-1/2"]
[BlackTitle "IM"]
[WhiteElo "2232"]
[BlackElo "2480"]
[WhiteFideId "13401858"]
[BlackFideId "13701568"]
[EventDate "2013.09.19"]

1. d4 c5 2. d5 Nf6 3. Nf3 g6 4. c4 Bg7 5. Nc3 O-O 6. e4 d6 7. Be2 b5 8. cxb5 a6
9. b6 Nfd7 10. a4 a5 11. O-O Qxb6 12. Nd2 Na6 13. Bb5 Qd8 14. Nc4 Nc7 15. Bc6
Ra6 16. f4 Nb8 17. Bb5 Ra8 18. Be3 Nxb5 19. axb5 Nd7 20. Qd3 Nb6 21. Nxa5 Rxa5
22. Rxa5 Nc4 23. Qxc4 Qxa5 24. e5 Bf5 25. Bd2 Rb8 26. Re1 Qb4 27. Qxb4 cxb4 28.
Na2 b3 29. Nc3 Bd3 30. Re3 Bc4 31. Re4 Bd3 32. Re3 Bf5 33. Kf2 Kf8 34. Kf3 h5
35. h3 Rb7 36. Ke2 Bh6 37. Rf3 Bd7 38. exd6 exd6 39. Kd3 Bg7 40. Kc4 Bxc3 41.
Bxc3 Bxb5+ 42. Kd4 Rc7 43. Rf2 Rc4+ 44. Ke3 Bd7 45. Bf6 Bf5 46. Rd2 Ke8 47. Rd4
Rc2 48. g4 hxg4 49. hxg4 Bxg4 50. Re4+ Kd7 51. Re7+ Kc8 52. Rxf7 Rc5 53. Rg7 Bf5
54. Kd4 Rc2 55. Ke3 Rc1 56. Rg8+ Kc7 57. Rg7+ Kc8 58. Rg8+ Kb7 59. Rg7+ Ka6 60.
Rg8 Rd1 61. Rb8 Bc2 62. Rb4 Ka5 63. Bc3 Rd3+ 64. Ke2 Ka6 65. Bd4 Rd1 66. Ke3
Re1+ 67. Kd2 Rf1 68. Rb6+ Ka5 69. Rxd6 Kb5 70. Be5 Kc4 71. Ke2 Bd3+ 72. Ke3 Re1+
73. Kf2 Rf1+ 74. Kg3 Be4 75. Kh4 Rg1 76. Kh3 Bxd5 77. Rd8 Be6+ 78. Kh2 Re1 79.
Kg3 Bf5 80. Kf2 Rh1 81. Rd4+ Kc5 82. Rd2 Be4 83. Ke3 Bd5 84. Kf2 Kc6 85. Rd3
Rh2+ 86. Ke3 Rh3+ 87. Kd4 1/2-1/2

[Event "Baku Open 2013"]
[Site "Baku AZE"]
[Date "2013.09.21"]
[Round "3.24"]
[White "Khalafova, Narmin"]
[Black "Boruchovsky, Avital"]
[Result "1-0"]
[WhiteTitle "WFM"]
[BlackTitle "IM"]
[WhiteElo "2131"]
[BlackElo "2461"]
[WhiteFideId "13402625"]
[BlackFideId "2800055"]
[EventDate "2013.09.19"]

1. e4 e5 2. Nf3 Nc6 3. Bb5 a6 4. Ba4 Nf6 5. Qe2 Bc5 6. c3 b5 7. Bb3 d6 8. O-O
O-O 9. Rd1 Re8 10. h3 h6 11. d3 Be6 12. Bc2 Bb6 13. Nbd2 Nh5 14. Nf1 Qf6 15. d4
Bc4 16. Bd3 Bxd3 17. Qxd3 exd4 18. cxd4 Qg6 19. Qc3 Nd8 20. e5 Ne6 21. Kh2 Rad8
22. Ne3 Nhf4 23. Nh4 Qh5 24. Nf3 dxe5 25. dxe5 Ne2 26. Qe1 N2d4 27. Nxd4 Bxd4
28. Ng4 Bxe5+ 29. Kh1 Rxd1 30. Qxd1 f5 31. Nf6+ 1-0

[Event "Baku Open 2013"]
[Site "Baku AZE"]
[Date "2013.09.21"]
[Round "3.25"]
[White "Anurag, Mhamal"]
[Black "Mahdavirad, Mehdi"]
[Result "1-0"]
[WhiteTitle "FM"]
[WhiteElo "2426"]
[BlackElo "2252"]
[WhiteFideId "5024366"]
[BlackFideId "12502669"]
[EventDate "2013.09.19"]

1. c4 e5 2. g3 Nc6 3. Bg2 Bc5 4. Nc3 a6 5. Nf3 d6 6. a3 Nge7 7. b4 Ba7 8. d3 O-O
9. O-O Bg4 10. Rb1 Qd7 11. b5 axb5 12. Nxb5 Bb6 13. Be3 Bxe3 14. fxe3 Nd8 15.
Qc1 c6 16. Nc3 f6 17. Qb2 Ra7 18. Qb4 Nf7 19. a4 Rfa8 20. Nd2 Bh3 21. e4 Bxg2
22. Kxg2 Ng5 23. Kh1 Ne6 24. Nb3 Nd4 25. Na1 h5 26. Rf2 Kf7 27. e3 Ne6 28. Nb3
h4 29. gxh4 Rh8 30. d4 Rxh4 31. dxe5 dxe5 32. Rd1 Qc8 33. Rdd2 1-0

[Event "Baku Open 2013"]
[Site "Baku AZE"]
[Date "2013.09.21"]
[Round "3.26"]
[White "Noroozi, Omid"]
[Black "Gagunashvili, Merab"]
[Result "1-0"]
[BlackTitle "GM"]
[WhiteElo "2385"]
[BlackElo "2585"]
[WhiteFideId "12501190"]
[BlackFideId "13601652"]
[EventDate "2013.09.19"]

1. e4 d6 2. d4 Nf6 3. Nc3 g6 4. Be2 Bg7 5. h4 c5 6. dxc5 Qa5 7. Bd2 Qxc5 8. h5
O-O 9. Nh3 Bxh3 10. Rxh3 Nc6 11. Kf1 Rad8 12. f4 e5 13. Be3 Qa5 14. hxg6 fxg6
15. f5 gxf5 16. exf5 e4 17. g4 h5 18. g5 Qxf5+ 19. Kg2 Ng4 20. Bc4+ Kh7 21. Nd5
Nxe3+ 22. Nxe3 Qf2+ 23. Kh1 Rf3 24. g6+ Kxg6 25. Qg1+ Qxg1+ 26. Rxg1+ Kf6 27.
Nd5+ Ke5 28. Rxh5+ Kd4 29. Be2 Be5 30. Rd1+ Kc5 31. c3 a5 32. Bxf3 exf3 33. Nf4
Kb5 34. Rf1 Rf8 35. Rxf3 Ka6 36. Rh4 Rf5 37. Kg2 b5 38. Nd3 Rg5+ 39. Kf2 Rg6 40.
Rfh3 Rf6+ 41. Ke2 Rg6 42. Rh6 Rg2+ 43. Kf1 Rg7 44. Nxe5 Nxe5 45. Rxd6+ 1-0

[Event "Baku Open 2013"]
[Site "Baku AZE"]
[Date "2013.09.21"]
[Round "3.27"]
[White "Guliev, Logman"]
[Black "Durarbayli, Vasif"]
[Result "0-1"]
[WhiteTitle "IM"]
[BlackTitle "GM"]
[WhiteElo "2380"]
[BlackElo "2567"]
[WhiteFideId "13400061"]
[BlackFideId "13402935"]
[EventDate "2013.09.19"]

1. e4 c6 2. d4 d5 3. exd5 cxd5 4. Bd3 Nc6 5. c3 Qc7 6. Nf3 Bg4 7. O-O e6 8. Re1
Bd6 9. h3 Bh5 10. Nbd2 Nge7 11. Nf1 h6 12. Be2 Bg6 13. Nh4 Be4 14. Bd3 g5 15.
Nf3 f5 16. Bb5 a6 17. Bxc6+ Nxc6 18. N3d2 O-O-O 19. f3 Bd3 20. Rxe6 f4 21. b4
Rde8 22. Rxe8+ Rxe8 23. Nb3 Qh7 24. Bb2 h5 25. Nc1 Bc2 26. Qd2 g4 27. Nb3 gxf3
28. gxf3 Qg6+ 29. Kh1 Rg8 30. Qf2 Ne7 31. Re1 Nf5 32. Nc1 Be7 33. Re5 Bh4 34.
Qh2 Bd1 35. Ne2 Ne3 0-1

[Event "Baku Open 2013"]
[Site "Baku AZE"]
[Date "2013.09.21"]
[Round "3.28"]
[White "Heydarli, Kanan"]
[Black "Rzayev, Bahruz"]
[Result "1/2-1/2"]
[WhiteTitle "IM"]
[BlackTitle "IM"]
[WhiteElo "2278"]
[BlackElo "2464"]
[WhiteFideId "13404423"]
[BlackFideId "13403036"]
[EventDate "2013.09.19"]

1. d4 Nf6 2. c4 c5 3. dxc5 e6 4. Nf3 Bxc5 5. e3 O-O 6. Be2 b6 7. Nc3 Bb7 8. O-O
d5 9. cxd5 Nxd5 10. Nxd5 Bxd5 11. Bd2 Nc6 12. Bc3 Qe7 13. Qa4 Nb4 14. Nd4 Bb7
15. Bxb4 Bxb4 16. Bf3 Bxf3 17. Nxf3 Bc5 18. Rfd1 Rad8 19. Rxd8 Rxd8 20. Rd1 a5
21. Rxd8+ Qxd8 22. h3 h6 23. Ne5 Bd6 24. Nc4 Bc7 25. g3 Qd3 26. Na3 Be5 27. b3
g6 28. Qb5 Qd1+ 29. Kg2 Bc3 30. Nc4 Be1 31. Qxb6 Qc2 32. Qd8+ Kg7 33. Qd4+ Kg8
34. Qb2 Qe4+ 35. Kg1 a4 36. Qc1 axb3 37. axb3 Bb4 38. Qd1 g5 39. Qd8+ Bf8 40.
Qd1 Bb4 41. Nb6 Bc3 42. Qd8+ Kg7 43. Qd1 Qf5 44. Qc1 Bf6 45. Nd7 Be7 46. Qc3+
Kh7 47. Qc4 Qxh3 48. Ne5 Qf5 49. Qd3 Qxd3 50. Nxd3 Kg7 51. b4 Kf8 52. b5 Bd6 53.
g4 Ke7 54. Nb2 f5 55. gxf5 exf5 56. Na4 Ke6 57. Nc3 Be5 58. Ne2 Kd5 59. f4 gxf4 1/2-1/2

[Event "Baku Open 2013"]
[Site "Baku AZE"]
[Date "2013.09.21"]
[Round "3.30"]
[White "Mamedjarova, Zeinab"]
[Black "Mammadov, Zaur"]
[Result "0-1"]
[WhiteTitle "WGM"]
[BlackTitle "IM"]
[WhiteElo "2268"]
[BlackElo "2436"]
[WhiteFideId "13401521"]
[BlackFideId "13401033"]
[EventDate "2013.09.19"]

1. d4 d5 2. Nf3 Nf6 3. e3 Bg4 4. c4 c6 5. Nbd2 e6 6. Bd3 Bd6 7. O-O Nbd7 8. h3
Bh5 9. e4 dxe4 10. Nxe4 Nxe4 11. Bxe4 O-O 12. b3 Qe7 13. Re1 Nf6 14. Bc2 Bb4 15.
Re5 Rfd8 16. Bb2 Bd6 17. Re1 Ba3 18. Bc3 Bb4 19. Qd3 Bxc3 20. Qxc3 Bxf3 21. gxf3
Qd6 22. Rad1 Qf4 23. Qe3 Qh4 24. Kh2 Rd7 25. Rg1 Rad8 26. Be4 g6 27. b4 Nh5 28.
Rg5 Nf4 29. Rg3 h5 30. a4 Qf6 31. b5 Rxd4 32. Rxd4 Rxd4 33. bxc6 bxc6 34. Bxc6
Rxc4 35. Qxa7 Rc1 36. Be8 Ne2 0-1

[Event "Baku Open 2013"]
[Site "Baku AZE"]
[Date "2013.09.21"]
[Round "3.31"]
[White "Pourramezanali, Amirreza"]
[Black "Mikheev, Stanislav"]
[Result "1-0"]
[WhiteTitle "FM"]
[BlackTitle "IM"]
[WhiteElo "2455"]
[BlackElo "2259"]
[WhiteFideId "12511412"]
[BlackFideId "4135920"]
[EventDate "2013.09.19"]

1. e4 e5 2. Nf3 Nf6 3. Nxe5 d6 4. Nf3 Nxe4 5. d4 d5 6. Bd3 Nc6 7. O-O Be7 8. Nc3
Bf5 9. Re1 Nxc3 10. bxc3 Bxd3 11. Qxd3 O-O 12. c4 Bf6 13. c3 dxc4 14. Qxc4 Re8
15. Bf4 Qd7 16. h3 h6 17. Nh2 Qf5 18. Bg3 h5 19. Nf1 Qa5 20. Rxe8+ Rxe8 21. Rb1
Qf5 22. Rxb7 Na5 23. Qb5 1-0

[Event "Baku Open 2013"]
[Site "Baku AZE"]
[Date "2013.09.21"]
[Round "3.33"]
[White "Nasri, Amin"]
[Black "Bayramov, Vugar"]
[Result "0-1"]
[WhiteElo "2347"]
[BlackElo "2245"]
[WhiteFideId "12501972"]
[BlackFideId "13400916"]
[EventDate "2013.09.19"]

1. d4 Nf6 2. c4 d6 3. Nc3 g6 4. e4 Bg7 5. Nf3 O-O 6. h3 Nbd7 7. Bg5 c6 8. Be2 e5
9. d5 h6 10. Be3 cxd5 11. cxd5 Nh5 12. Nd2 Nf4 13. Bf1 f5 14. g3 Nh5 15. exf5
gxf5 16. Qxh5 f4 17. Nc4 fxe3 18. Nxe3 Nc5 19. Bc4 a6 20. O-O b5 21. b4 Ne6 22.
Bd3 Nd4 23. Be4 Bd7 24. Kg2 Rc8 25. Rac1 Qf6 26. Ng4 Bxg4 27. Qxg4 Rc4 28. Ne2
Rxb4 29. Rc7 Rb2 30. Bd3 Rxa2 31. Kh1 Qf3+ 32. Qxf3 Rxf3 33. Nxd4 exd4 34. Bg6
Be5 35. Kg1 Bxg3 36. Kg2 Rfxf2+ 37. Rxf2 Bxf2 38. Kf3 Be3 39. Ke4 Rf2 40. Rd7
Rf6 41. Bf5 Kf8 42. Rd8+ Ke7 43. Rd7+ Ke8 44. Rc7 b4 45. Rb7 a5 46. Rb5 Rxf5 47.
Kxf5 d3 48. Rxa5 Bd4 49. Ke6 Kf8 50. Ra8+ Kg7 51. Ra2 b3 52. Rg2+ Kh7 0-1

[Event "Baku Open 2013"]
[Site "Baku AZE"]
[Date "2013.09.21"]
[Round "3.34"]
[White "Abdulla, Khayala"]
[Black "Kazimova, Narmin"]
[Result "1-0"]
[WhiteTitle "WIM"]
[BlackTitle "WIM"]
[WhiteElo "2249"]
[BlackElo "2225"]
[WhiteFideId "13401807"]
[BlackFideId "13402951"]
[EventDate "2013.09.19"]

1. e4 e5 2. Nf3 Nc6 3. Bb5 a6 4. Ba4 d6 5. c3 g6 6. d4 Bd7 7. Bg5 f6 8. Be3 Nh6
9. O-O Bg7 10. dxe5 fxe5 11. Bb3 Na5 12. Bc2 Nf7 13. b4 Nc4 14. Bc1 Be6 15. Bb3
Qe7 16. a4 O-O 17. a5 b5 18. axb6 cxb6 19. Na3 b5 20. Nxc4 bxc4 21. Ba2 a5 22.
b5 Qb7 23. Qa4 d5 24. Be3 Bg4 25. exd5 Bxf3 26. gxf3 Qxd5 27. Bxc4 Qxf3 28. Qd1
Qh3 29. Bd5 Rad8 30. Rxa5 Kh8 31. Bg2 Qh4 1-0

[Event "Baku Open 2013"]
[Site "Baku AZE"]
[Date "2013.09.22"]
[Round "4.1"]
[White "Mamedov, Nidjat"]
[Black "Rasulov, Vugar"]
[Result "1-0"]
[WhiteTitle "GM"]
[BlackTitle "GM"]
[WhiteElo "2609"]
[BlackElo "2488"]
[WhiteFideId "13400819"]
[BlackFideId "13402390"]
[EventDate "2013.09.19"]

1. e4 c5 2. Nf3 d6 3. d4 cxd4 4. Nxd4 Nf6 5. Nc3 a6 6. Be3 e6 7. f3 b5 8. Qd2
Nbd7 9. g4 h6 10. O-O-O Bb7 11. h4 b4 12. Na4 Qa5 13. b3 Nc5 14. a3 Nxa4 15.
axb4 Qc7 16. bxa4 d5 17. e5 Nd7 18. f4 Nb6 19. Rh3 Nc4 20. Qc3 Rc8 21. Bxc4 Qe7
22. Nb5 Qxb4 23. Nc7+ Rxc7 24. Bb5+ Rd7 25. Bxd7+ Kxd7 26. Qxb4 Bxb4 27. Bb6 Bc6
28. a5 Be7 29. h5 f6 30. Bd4 Rc8 31. f5 fxe5 32. Bxe5 Bg5+ 33. Kb2 Re8 34. Bxg7
e5 35. f6 Ke6 36. Rc3 Rb8+ 37. Ka1 Be8 38. Rc7 Bxf6 39. Bxf6 Kxf6 40. Rxd5 Ke6
41. Rcc5 Bc6 42. Rxe5+ Kd6 1-0